|
|
|
|
| LEADER |
00000cam a2200000 7i4500 |
| 001 |
0000003250 |
| 005 |
20240926.0 |
| 008 |
221108 my eng |
| 040 |
|
|
|a INS
|b eng
|e rda
|
| 090 |
0 |
0 |
|a KPG3110
|b .S56 1941
|
| 100 |
0 |
|
|a Awther Singh ,
|e author
|
| 245 |
1 |
0 |
|a Singhs commentary on the Malaysian Estate Duty Ordinance
|c by Awther Singh
|
| 264 |
|
1 |
|a Kuala Lumpur :
|b Estate Duty Enactment
|c 1941
|
| 300 |
|
|
|a 83 pages ;
|c 23 cm.
|
| 336 |
|
|
|a text
|2 rdacontent
|
| 337 |
|
|
|a unmediated
|2 rdamedia
|
| 338 |
|
|
|a volume
|2 rdacarrier
|
| 500 |
|
|
|a Includes index
|
| 650 |
|
0 |
|a Estates (Law)
|z Malaysia
|
| 650 |
|
0 |
|a Law
|z Malaysia
|
| 999 |
|
|
|a 0000001655
|b BOOK
|c Open Shelf
|e Default branch
|